Nazionali con meno sconfitte agli Europei - Statistics

Statistiche generali
  • Questo quiz è stato fatto 8 volte
    5 dall'ultimo reset
  • Il punteggio medio è 5 su 8
Statistiche sulle risposte
Sconfitte Nazionale % Corretto
1 Islanda
100%
2 Finlandia
75%
2 Georgia
75%
1 Norvegia
75%
3 Irlanda del Nord
50%
2 Lettonia
50%
3 Macedonia del Nord
50%
1 Slovenia
50%
Nessun quiz corrispondente trovato
Distribuzione punteggi
Percentuale di utenti per punteggio
Percentile per numero di risposta
I tuoi punteggi nel tempo
Non hai fatto questo quiz dall'ultimo reset